| 000 | 00476 a2200169 4500 | ||
|---|---|---|---|
| 001 | 066950 | ||
| 003 | OSt | ||
| 005 | 20211022115355.0 | ||
| 008 | |||
| 082 |
_a371.2011 _bB96L |
||
| 100 | 1 | _aBush, Tony | |
| 245 | 1 |
_aLeadership and management development in education _cby Tony Bush |
|
| 260 |
_aLondon _bSage Publications _c2008 |
||
| 300 | _a169p. | ||
| 690 | _aEducational leadership; School management and organization | ||
| 942 |
_2ddc _cBK |
||
| 999 |
_c941 _d941 |
||